000 00308nam a2200121Ia 4500
008 190802s9999 xx 000 0 und d
020 _a978-93-528-6308-2
100 _aWalter Savitch
245 0 _aProblem Solving with C + +
260 _aNew Delhi
_bWolters Kluwer
_c2018
300 _a1080:p
942 _cBK
999 _c2373
_d2373